000 00251nam a2200109Ia 4500
008 190911s9999||||xx |||||||||||||| ||und||
100 _aZia Ul Rehman
245 0 _aKibi Soucha Tha
260 _aKarachi
_bRoyal Book
_c2013
300 _a250
942 _cBK
999 _c6705
_d6705